|
|
|
|
| LEADER |
00000nam0a2200000 4500 |
| 001 |
341673 |
| 005 |
20231102005353.0 |
| 010 |
|
|
|a 9785160132211
|
| 010 |
|
|
|a 978-5-7638-2926-6
|
| 035 |
|
|
|a (RuTPU)RU\TPU\book\369892
|
| 090 |
|
|
|a 341673
|
| 100 |
|
|
|a 20181018d2018 m y0rusy50 ca
|
| 101 |
0 |
|
|a rus
|
| 102 |
|
|
|a RU
|
| 105 |
|
|
|a a j 001zy
|
| 200 |
1 |
|
|a Основы получения отливок из сплавов на основе железа
|e учебное пособие для вузов
|f А. И. Будгакова [и др.]
|g Сибирский федеральный университет (СФУ)
|
| 205 |
|
|
|a 2-е изд.
|
| 210 |
|
|
|a Москва
|c Инфра-М
|a Красноярск
|c Изд-во СФУ
|d 2018
|
| 215 |
|
|
|a 219 с.
|c ил.
|
| 225 |
1 |
|
|a Высшее образование - Бакалавриат
|
| 320 |
|
|
|a Библиогр.: с. 217
|
| 330 |
|
|
|a В учебном пособии рассмотрены особенности кристаллизации сплавов на основе железа, а также технологические, литейные и эксплуатационные свойства чугуна и стали. Предназначено для студентов, обучающихся по направлению подготовки 22.03.02 "Металлургия".
|
| 606 |
1 |
|
|a Чугунные отливки
|2 stltpush
|3 (RuTPU)RU\TPU\subj\60488
|9 77771
|
| 606 |
1 |
|
|a Стальные отливки
|2 stltpush
|3 (RuTPU)RU\TPU\subj\56706
|9 74597
|
| 610 |
1 |
|
|a структура
|
| 610 |
1 |
|
|a свойства
|
| 610 |
1 |
|
|a получение
|
| 610 |
1 |
|
|a чугун
|
| 610 |
1 |
|
|a сталеплавильные процессы
|
| 610 |
1 |
|
|a сталь
|
| 610 |
1 |
|
|a плавка
|
| 610 |
1 |
|
|a учебные пособия
|
| 675 |
|
|
|a 621.74:669.13(075.8)
|v 4
|
| 675 |
|
|
|a 621.74:669.14(075.8)
|v 4
|
| 701 |
|
1 |
|a Будгакова
|b А. И.
|g Алифтина Ивановна
|
| 701 |
|
1 |
|a Гильманшина
|b Т. Р.
|g Татьяна Ренатовна
|
| 701 |
|
1 |
|a Баранов
|b В. Н.
|g Владимир Николаевич
|
| 701 |
|
1 |
|a Степанова
|b Т. Н.
|g Татьяна Николаевна
|
| 712 |
0 |
2 |
|a Сибирский федеральный университет (СФУ)
|c (Красноярск)
|2 stltpush
|3 (RuTPU)RU\TPU\col\11098
|
| 801 |
|
1 |
|a RU
|b 63413507
|c 20181018
|
| 801 |
|
2 |
|a RU
|b 63413507
|c 20181116
|g RCR
|
| 942 |
|
|
|c BK
|